000 01091nam a2200205 a 4500
008 161215t2013 ag ||||g |||| 00| faspa d
020 _a9789876043533
041 _aspa
092 _c863
_l18
_sDUA
100 1 _aDuarte, Dorián
_93271
245 _aHuellas de un trashumante.
_bHistoria de un campesino /
_cDorián Duarte
250 _a1a ed.
260 _aNeuquén:
_bEDUCO;
_c2013.
300 _a78 p.
_c21x15 cm.
500 _aDuarte, D. (2013). Huellas de un trashumante. Historia de un campesino. (1a ed.). Neuquén : EDUCO.
505 _aJuan nace en un explicito lugar...emparentado con el desierto patagónico, en las genuinas y escarpadas tierras del Neuquén. Camina su vida de trashumante mostrando las distintas sembranzas de la vida de una hombre de campo, comúnmente llamado "chivero". El movimiento recurrente años tras año, hace a la vida del campesino pobre, que no representa al productor agropecuario, sin embargo constituye un ejemplo de voluntad.
590 _aProyecto 4to libro. Donación EDUCO, Septiembre 2017.
655 _aNovela
_93091
942 _2ddc
_cLIT
999 _c2437
_d2437